01742nam a22004097a 4500003000500000005001700005008004100022010001000063011001000073035001000083040000900093090001000102100004500112245014200157260004000299300002000339502009100359590003700450590004100487590004100528590004100569590004100610590004100651590004200692650003500734650004500769650004100814650004100855650004400896901000700940942000900947949004300956949005500999999001701054952013301071952012801204CHAP20220329141035.0971013s1996 r 00010 d a61713 a62685 a66860 cCHAP aTesis00aSolís Chávez, Laura Eugenia.9108431 aTransformaciones en la tenencia de la tierra y cambios territorialesb: integración y conflicto en el Valle de Teripetío, Michoacán aChapingo, Méx. :bEl autor,c1996 a233 p.b; anexo aTesis (M. C. en Desarrollo Rural Regional) -- UACH. Departamento de Sociología Rural aALEPHb10c20130110lUCH01h1343 aBATCH-UPDb10c20130110lUCH01h0512 aBATCH-UPDb10c20130110lUCH01h2255 aBATCH-UPDb10c20130410lUCH01h0150 aBATCH-UPDb10c20130410lUCH01h1549 aBATCH-UPDb10c20130914lUCH01h1816 aCONVERSIONb10c20130109lUCH01h133314aHaciendasxMichoacán.95216314aMichoacánxCondiciones rurales.97544714aReforma agrariaxMichoacán.99557114aTierrasxTenenciaxHistoria.911317114aTierrasxTenenciaxMichoacán.9113180 aBK cFOLL bBCcTESd-152100eTS1h30715i66860si bBCcTESd33724000625547eTS2fc.2h30716i66860si c61713d61713 00102local4053708TESISaBCbBCcPA_TESISd2019-12-31fTESISl0p33724000625547r2019-12-31 00:00:00tc.2w2019-12-31yTESIS 00102local4051708TESISaBCbBCcPA_TESISd2019-12-31fTESISl0oTesisp-152100r2019-12-31 00:00:00w2019-12-31yTESIS